СНГ: марочник сталей и сплавов ведущих промышленных стран мира: справочник

Chi tiết về thư mục
Tác giả chính: Шишков М. М. Михайло Михайлович
Tác giả khác: Шишков А. М. Артем Михайлович
Tóm tắt:Справочник содержит данные химического состава более 5000 марок сталей и сплавов стран СНГ. Также имеется раздел «Справочная информация», в котором указан сортамент металлопродукции выпускаемой в СНГ. Справочник может быть полезен металлопроизводящим и машиностроительным компаниям, а также компаниям занимающимся экспортом-импортом металлопродукции.
Ngôn ngữ:Tiếng Nga
Được phát hành: Донецк, Юго-Восток, 2005
Những chủ đề:
Định dạng: Sách
KOHA link:https://koha.lib.tpu.ru/cgi-bin/koha/opac-detail.pl?biblionumber=109399

MARC

LEADER 00000nam0a2200000 4500
001 109399
005 20231101214851.0
035 |a (RuTPU)RU\TPU\book\118117 
090 |a 109399 
100 |a 20070207d2005 km y0rusy50 ca 
101 0 |a rus 
102 |a UA 
105 |a y g 001zy 
200 1 |a СНГ: марочник сталей и сплавов ведущих промышленных стран мира  |e справочник  |f М. М. Шишков, А. М. Шишков 
210 |a Донецк  |c Юго-Восток  |d 2005 
215 |a 576 с. 
320 |a Библиогр.: с. 574. 
330 |a Справочник содержит данные химического состава более 5000 марок сталей и сплавов стран СНГ. Также имеется раздел «Справочная информация», в котором указан сортамент металлопродукции выпускаемой в СНГ. Справочник может быть полезен металлопроизводящим и машиностроительным компаниям, а также компаниям занимающимся экспортом-импортом металлопродукции. 
606 1 |a Сталь  |x Марки  |2 stltpush  |3 (RuTPU)RU\TPU\subj\74102  |9 86644 
610 1 |a металловедение 
610 1 |a стали 
610 1 |a сплавы 
610 1 |a химический состав 
610 1 |a химические элементы 
610 1 |a процентное содержание 
610 1 |a марочники 
610 1 |a зарубежные стандарты 
610 1 |a СНГ 
610 1 |a справочники 
675 |a 669.14(035)  |v 3 
700 1 |a Шишков  |b М. М.  |g Михайло Михайлович 
701 1 |a Шишков  |b А. М.  |g Артем Михайлович 
801 1 |a RU  |b 63413507  |c 20070207  |g PSBO 
801 2 |a RU  |b 63413507  |c 20150310  |g PSBO 
942 |c BK 
959 |a 10/20070129  |d 1  |e 2650,00  |f ЧЗТЛ:1